Rethinking postmodern maladies /

محفوظ في:
التفاصيل البيبلوغرافية
المؤلف الرئيسي: Clayton, Belinda
التنسيق: نص
الوسوم: إضافة وسم
لا توجد وسوم, كن أول من يضع وسما على هذه التسجيلة!

MARC

LEADER 00000 a a2200000 04500
001 48711
003
040
100 |a Clayton, Belinda  
245 |a Rethinking postmodern maladies /  |c Belinda Clayton  
773 |g volumen 50, número 6, (2002), páginas 839-851  
999 |c 39207  |d 39207